000 00376 a2200169 4500
001 185574
020 _a85-08-08710-1
040 _cMagnum
100 _aAzevedo, Ricardo
240 1 0 _aContos de enganar a morte
_lpor
245 1 0 _aContos de enganar a morte
300 _a61
362 0 _a2003
440 1 _aÁtica
697 _aLITERATURA INFANTO-JUVENIL
942 _cBK
999 _c185574
_d185574